Nautical Almanac-2006 / (Record no. 299)

000 -LEADER
fixed length control field 00449nam a2200157Ia 4500
008 - FIXED-LENGTH DATA ELEMENTS--GENERAL INFORMATION
fixed length control field 190805s9999||||xx |||||||||||||| ||und||
020 ## - INTERNATIONAL STANDARD BOOK NUMBER
International Standard Book Number NA00000001
082 04 - DEWEY DECIMAL CLASSIFICATION NUMBER
Classification number 528
Item number N226
100 1# - MAIN ENTRY--PERSONAL NAME
Personal name Khalique, Abdul
245 10 - TITLE STATEMENT
Title Nautical Almanac-2006 /
260 ## - PUBLICATION, DISTRIBUTION, ETC. (IMPRINT)
Place of publication, distribution, etc Scotland :
Name of publisher, distributor, etc Witherby Seamanship International Limited,
Date of publication, distribution, etc 2016
300 ## - PHYSICAL DESCRIPTION
Extent 68 p.
Other physical details :
Dimensions ; 24 cm.
650 #0 - SUBJECT ADDED ENTRY--TOPICAL TERM
Topical term or geographic name as entry element Nautical almanacs
852 ## - LOCATION/CALL NUMBER
Location
942 ## - ADDED ENTRY ELEMENTS (KOHA)
Item type Books
Holdings
Withdrawn status Lost status Damaged status Not for loan Collection code Permanent location Current location Shelving location Date acquired Source of acquisition Full call number Barcode Date last seen Koha item type Public note
        Nautical Science IMU Kochi Library IMU Kochi Library Reference 2017-08-07 Sterling Book House 528 N226 BK004651 2019-08-05 Books Shelf-2, Row-1
        Nautical Science IMU Kochi Library IMU Kochi Library Reference 2017-08-07 Sterling Book House 528 N226 BK004655 2019-08-05 Books Shelf-2, Row-1
        Nautical Science IMU Kochi Library IMU Kochi Library Reference 2017-08-07 Sterling Book House 528 N226 BK004659 2019-08-05 Books Shelf-2, Row-1
        Nautical Science IMU Kochi Library IMU Kochi Library Reference 2017-08-07 Sterling Book House 528 N226 BK004663 2019-11-18 Books Shelf-2, Row-1
        Nautical Science IMU Kochi Library IMU Kochi Library Reference 2017-08-07 Sterling Book House 528 N226 BK004647 2019-08-05 Books Shelf-2, Row-1


Copyright © All Rights Reserved by Indian Maritime University, Kochi Campus.
For any Suggestions/Query Contact to library or Email: library.kochi@imu.ac.in Ph:(0484)-2989402
(Web OPAC Designed by Rudra Ranjan. Maintained by IMU Kochi Library)

Powered by Koha